Modelos alternativos de capacitación y extensión comunitaria / (Record no. 177539)
[ view plain ]
| 000 -CABECERA | |
|---|---|
| campo de control de longitud fija | 02115nam a2200397Ia 4500 |
| 001 - NÚMERO DE CONTROL | |
| campo de control | dia_6433 |
| 003 - IDENTIFICADOR DEL NÚMERO DE CONTROL | |
| campo de control | CHAP |
| 005 - FECHA Y HORA DE LA ÚLTIMA TRANSACCIÓN | |
| campo de control | 20251021155752.0 |
| 008 - DATOS DE LONGITUD FIJA--INFORMACIÓN GENERAL | |
| campo de control de longitud fija | 220117s2015 xx 000 0 und d |
| 010 ## - NÚMERO DE CONTROL DE LA BIBLIOTECA DEL CONGRESO | |
| Número de control de LC | 177539 |
| 020 ## - NÚMERO INTERNACIONAL ESTÁNDAR DEL LIBRO | |
| Número Internacional Estándar del Libro | 978-607-437-351-6 |
| 040 ## - FUENTE DE LA CATALOGACIÓN | |
| Centro/agencia transcriptor | CHAP |
| 082 ## - NÚMERO DE LA CLASIFICACIÓN DECIMAL DEWEY | |
| Número de clasificación | 630.715 M63 2015 |
| 245 ## - MENCIÓN DE TÍTULO | |
| Título | Modelos alternativos de capacitación y extensión comunitaria / |
| Mención de responsabilidad, etc. | coordinación Jorge Aguilar Ávila y Vinicio Horacio Santoyo Cortés |
| 260 ## - PUBLICACIÓN, DISTRIBUCIÓN, ETC. | |
| Lugar de publicación, distribución, etc. | México : |
| Nombre del editor, distribuidor, etc. | UACh :, |
| -- | Clave Editorial, |
| Fecha de publicación, distribución, etc. | 2015 |
| 300 ## - DESCRIPCIÓN FÍSICA | |
| Extensión | 197 p. |
| 440 ## - MENCIÓN DE SERIE/PUNTO DE ACCESO ADICIONAL--TÍTULO | |
| Título | Agricultura |
| 9 (RLIN) | 1173 |
| 503 ## - NOTA DE HISTORIA BIBLIOGRÁFICA (BK CF MU) [OBSOLETO] | |
| Nota de historia bibliográfica | D. |
| 504 ## - NOTA DE BIBLIOGRAFÍA, ETC. | |
| Nota de bibliografía, etc. | Incluye bibliografías |
| 505 ## - NOTA DE CONTENIDO CON FORMATO | |
| Nota de contenido con formato | Extensión universitaria y extensión agrícola \ 2. Agencias de gestión de la innovación \ 3. Centros de servicios ganaderos: un modelo de innovación ganadera orientado a resultados \ 4. Desarrollo humano y rural integral a través de la innovación agroempresarial, metodología de extensionismo organizacional y tecnológico \ 5. La casa Chapingo: la transferencia de tecnología en regiones rurales e indígenas \ 6. Las Escuelas Campesinas (ESCAMP) en México: una opción de desarrollo regional \ 7. Las Escuelas de Campo (ECA): una estrategia de trabajo para zonas de alta marginación en México \ 8. Asistencia técnica agropecuaria participativa con enfoque territorial \ 9. Modelo GGAVATT: una estrategia de transferencia de tecnología para el sector pecuario en México |
| 590 ## - NOTA LOCAL (RLIN) | |
| Nota local | S544 M63 2015 |
| 650 ## - PUNTO DE ACCESO ADICIONAL DE MATERIA--TÉRMINO DE MATERIA | |
| Término de materia o nombre geográfico como elemento de entrada | Agentes de extensión |
| 9 (RLIN) | 161441 |
| 650 ## - PUNTO DE ACCESO ADICIONAL DE MATERIA--TÉRMINO DE MATERIA | |
| Término de materia o nombre geográfico como elemento de entrada | Educación de extensión |
| 9 (RLIN) | 161442 |
| 650 ## - PUNTO DE ACCESO ADICIONAL DE MATERIA--TÉRMINO DE MATERIA | |
| Término de materia o nombre geográfico como elemento de entrada | Educación y capacitación rural |
| 9 (RLIN) | 161126 |
| 650 #0 - PUNTO DE ACCESO ADICIONAL DE MATERIA--TÉRMINO DE MATERIA | |
| Término de materia o nombre geográfico como elemento de entrada | Education programs |
| 9 (RLIN) | 161443 |
| 650 ## - PUNTO DE ACCESO ADICIONAL DE MATERIA--TÉRMINO DE MATERIA | |
| Término de materia o nombre geográfico como elemento de entrada | Extension agents |
| 9 (RLIN) | 161444 |
| 650 ## - PUNTO DE ACCESO ADICIONAL DE MATERIA--TÉRMINO DE MATERIA | |
| Término de materia o nombre geográfico como elemento de entrada | Extension education |
| 9 (RLIN) | 161445 |
| 650 #0 - PUNTO DE ACCESO ADICIONAL DE MATERIA--TÉRMINO DE MATERIA | |
| Término de materia o nombre geográfico como elemento de entrada | Programas educacionales |
| 9 (RLIN) | 161446 |
| 650 ## - PUNTO DE ACCESO ADICIONAL DE MATERIA--TÉRMINO DE MATERIA | |
| Término de materia o nombre geográfico como elemento de entrada | Rural education and training |
| 9 (RLIN) | 161447 |
| 700 ## - PUNTO DE ACCESO ADICIONAL--NOMBRE DE PERSONA | |
| Nombre de persona | Aguilar Ávila, Jorge, coord. |
| 9 (RLIN) | 161448 |
| 700 ## - PUNTO DE ACCESO ADICIONAL--NOMBRE DE PERSONA | |
| Nombre de persona | Santoyo Cortés, Vinicio Horacio, coord. |
| 9 (RLIN) | 158284 |
| 901 ## - ELEMENTOS DE DATOS A LOCAL LDA (RLIN) | |
| a | 630.715 M63 2015 |
| 902 ## - ELEMENTOS DE DATOS B LOCAL, LDB (RLIN) | |
| a | A |
| 905 ## - ELEMENTOS DE DATOS E LOCAL, LDE (RLIN) | |
| a | 5232272015 mx bimn8223223322spa16 |
| 942 ## - ELEMENTOS DE PUNTO DE ACCESO ADICIONAL (KOHA) | |
| Tipo de ítem Koha | Libro |
| Fuente del sistema de clasificación o colocación | Dewey Decimal Classification |
| Estado de retiro | Estado de pérdida | Fuente del sistema de clasificación o colocación | Estado dañado | No para préstamo | Código de colección | Localización permanente | Ubicación/localización actual | Ubicación en estantería | Fecha de adquisición | Información codificada de la localización en otra ubicación | Total de préstamos | Código de barras | Fecha visto por última vez | Fecha del último préstamo | Número de copia | Precio válido a partir de | Tipo de ítem Koha |
|---|---|---|---|---|---|---|---|---|---|---|---|---|---|---|---|---|---|
| Dewey Decimal Classification | General | Ingenieria Agroindustrial | Ingenieria Agroindustrial | 18/01/2022 | 1 | 1 | dia_000695 | 29/10/2025 | 29/10/2025 | 1 | 18/01/2022 | Libro |
